00980nam a2200241 i 450000100060000000300090000600500170001500700030003200800410003502000180007608000280009410000470012224500670016926000310023630000220026749000570028960000620034665000620040883000650047085200640053599900170059995201220061666410ES-MaACL20240420063026.0t|040213s1997 sp ||||1| spa d a84-7898-123-5 a821.134.2Bergamín1.090 aMartínez Torrón, Diego, d1950-97845113aEl sueño de José Bergamín / cDiego Martínez Torrón. aSevilla : bAlfar, c1997. a140 p. ; c22 cm.1 aAlfar universidad ; v89. aInvestigación y ensayo14aBergamín, José-xCrítica e interpretación.927927 4aPoesía española-yS.XX-xHistoria y crítica.9161670 aAlfar universidad ; v89. aInvestigación y ensayo9184765 aES-MaACLjL-26817 bR.132371 q. - Ded. autógr. del autor c66410d66410 00104070aATENEOMbATENEOMcDEPO2d2008-01-17eSCl0oL-26817p1069572r2023-02-23 00:00:00w2023-02-23yMONOGRAFIA